Loga sklepów spożywczych - Statystyki

Ogólne statystyki
  • Ten quiz został rozwiązany 99 razy
    32 od ostatniego zresetowania
  • Średni wynik to 13 z 20
Statystyki odpowiedzi
Obrazkowy Odpowiedź % Poprawnych
Biedronka
100%
Lidl
96%
Lewiatan
92%
Dino
88%
ALDI
84%
Netto
84%
Carrefour
80%
Stokrotka
80%
Kaufland
76%
Auchan
72%
Makro
68%
Odido
56%
Delikatesy Centrum
52%
Społem
48%
E.Leclerc
44%
Gama
44%
ABC
40%
Selgros
40%
Spar
32%
Chata Polska
16%
Nie znaleziono quizów pasujących do podanych kryteriów
Rozkład punktacji
Procent ludzi z każdym wynikiem
Percentyl według liczby udzielonych odpowiedzi
Twoja historia wyników
Nie rozwiązałeś tego quizu od ostatniego zresetowania